000 00503nam a2200217Ia 4500
003 0100
008 130303s9999 xx 000 0 und d
020 _a0023991801
040 _cARRUPELIB
050 _aBJ1025.R44 1981
100 _aReid, Charles L
245 _aChoice and action
245 _ba introduction to ethics
260 _aNew York
260 _bMacmillan Publishing Co., Inc.
260 _C1981
300 _axi
300 _b 540p. 25cm.
650 _aETHICS
942 0 0 _012
999 _c25526
_d25526